书目信息 |
| 题名: |
中文版Flash MX 动画制作入门与提高
|
|
| 作者: | 刘庆红 主编 | |
| 分册: | ||
| 出版信息: | 上海 上海科学普及出版社 2003.06 |
|
| 页数: | 333页 | |
| 开本: | 26cm | |
| 丛书名: | ||
| 单 册: | ||
| 中图分类: | TP391.41 | |
| 科图分类: | ||
| 主题词: | 计算机应用 | |
| 电子资源: | ||
| ISBN: | 7-5427-2496-7 | |
| 000 | 00615nam0 2200193 45 | |
| 001 | 0434838235 | |
| 005 | 2004052809403814 | |
| 010 | @a7-5427-2496-7@dCNY 26.80 | |
| 100 | @a20040528d2003 km y0chiy0120 ea | |
| 101 | 0 | @achi |
| 102 | @aCN@b310000 | |
| 200 | 1 | @a中文版Flash MX 动画制作入门与提高@AZhong Wen Ban Flash MX Dong Hua Zhi Zuo Ru Men Yu Ti Gao@f刘庆红主编@FLiu Qing Hong Zhu Bian |
| 210 | @a上海@c上海科学普及出版社@d2003.06 | |
| 215 | @a333页@d26cm | |
| 606 | 0 | @a计算机应用 |
| 690 | @aTP391.41@v3 | |
| 701 | 0 | @a刘庆红@ALiu Qing Hong@4主编 |
| 801 | 0 | @aCN@bPFT@c20040528 |
| 905 | @a安徽大学@dTP391.41@eL662 | |
| 中文版Flash MX 动画制作入门与提高/刘庆红主编.-上海:上海科学普及出版社,2003.06 |
| 333页;26cm |
| ISBN 7-5427-2496-7:CNY 26.80 |
| ● |
| 相关链接 |
|
|
|
正题名:中文版Flash MX 动画制作入门与提高
索取号:TP391.41/L662
 
预约/预借
| 序号 | 登录号 | 条形码 | 馆藏地/架位号 | 状态 | 备注 |
| 1 | 378362 | 203783628 | 自科二线404/404自科库 9排1列1层/ [索取号:TP391.41/L662] | 在馆 | |
| 2 | 378363 | 203783637 | 自科库301/301自科库 66排7列3层/ [索取号:TP391.41/L662] | 在馆 | |
| 3 | 378364 | 203783646 | 自科库301/301自科库 66排7列3层/ [索取号:TP391.41/L662] | 在馆 |